000 00580nam a2200229Ia 4500
003 OSt
005 20221005132258.0
006 a|||||r|||| 00| 0
007 ta
008 221004b |||||||| |||| 00| 0 mal d
024 _a59025
037 _cTextual
040 _aCRL
_cCRL
_bmal
041 _2mal
_amal
082 _aY1:351.212.D, 32J6
100 _aGovindan Atiyodi
_9640854
245 0 _aTheyyavwm thirayum
260 _c1956
650 _aSOCIOLOGY
942 _hY1:351.212.D, 32J6
_cTEXL
_2cc
999 _c1063118
_d1063118